000 00646cam a22002293a 4500
001 8076
003 PGUSA
005 20140828083152.0
008 050501s2005||||xxu|||||s|||||000 1 eng d
040 _aPGUSA
_beng
042 _adc
050 4 _aPR
100 1 _aWard, Humphry,
_cMrs,
_d1851-1920
245 1 4 _aThe History of David Grieve
_h[electronic resource] /
_cHumphry, Ward
260 _bProject Gutenberg,
_c2005
506 _aPublic domain in the USA.
516 _aElectronic text
653 _aEnglish fiction -- 19th century
830 0 _aProject Gutenberg
_v8076
856 4 0 _uhttp://www.gutenberg.org/ebooks/8076
942 _cEB
999 _c237376
_d237376